FLAGI PAŃSTW, NA KTÓRYCH WYSTĘPUJĄ TYLKO KOLORY BIAŁY I CZERWONY: - Statystyki

Ogólne statystyki
  • Ten quiz został rozwiązany 323 razy
  • Średni wynik to 2 z 6
Statystyki odpowiedzi
Odpowiedź % Poprawnych
POLSKA
100%
DANIA
33%
AUSTRIA
32%
SZWAJCARIA
28%
TURCJA
26%
KANADA
25%
Nie znaleziono quizów pasujących do podanych kryteriów
Rozkład punktacji
Procent ludzi z każdym wynikiem
Percentyl według liczby udzielonych odpowiedzi
Twoja historia wyników
Nie rozwiązałeś tego quizu